000 00729cab a2200229 4500
001 WB2814-30
008 090401t1992 xxu||||| |||| 00| 0 eng d
035 _a(Sirsi) u69021
041 _aeng
245 _aHouse prices still on the decline
260 _c1992
350 _a0
490 _aFinancial Times
_v2 April 1992, 9(1)
520 _aThe Nationwide Building Society index of house prices shows a drop for the fourth successive month. However, the fall was less than in previous months.
650 _aHOUSE PRICES
650 _aHOUSING MARKET
650 _aNATIONWIDE ANGLIA
650 _aRECESSION
690 _aPROPERTY-RESIDENTIAL PROPERTY-RESIDENTIAL PROPERTY MARKET
942 _n0
948 _c04/03/1997
999 _c43350
_d43350